Представление документа в формате MARC21

Поле Инд. ПП Название Значение
Тип записи a
Библиографический уровень m
001 Контрольный номер d9cfd3e9-2c2d-4d82-b8a5-68668ab1260e
005 Дата корректировки 20140703150252.3
008 Кодируемые данные 061020
020 a ISBN 5-691-00527-8
c Цена, тираж 45.00
040 a Служба первич. каталог. НБ ТвГУ
041 a Код языка текста rus
080 a Индекс УДК 81'276.3-053.2(075.8)
084 a Индекс другой классификации/Индекс ББК Ш107я73-1
a Индекс другой классификации/Индекс ББК Ш100.23я73-1
090 x Авторский знак Ц32
a Полочн. индекс Ш107
100 1_ a Автор Цейтлин Стелла Наумовна
245 10 a Заглавие Язык и ребенок
b Продолж. заглавия Лингвистика детской речи : учеб. пособие для студентов вузов
c Ответственность С. Н. Цейтлин
260 0_ a Место издания Москва
b Издательство ВЛАДОС
c Дата издания 2000
300 a Объем 238, [1] с.
440 a Серия Учебное пособие для вузов
504 a Библиография Библиогр. в конце кн.
583 a Действие Получение впервые 393 19.10.2006
k Исполнитель действия ООО "Кроун"
583 a Действие Приписка 405 25.10.2006
k Исполнитель действия ООО"Кроун"
650 a Основная рубрика Языкознание
x Основная подрубрика Стилистика
650 a Основная рубрика Речь детская
650 a Основная рубрика Психолингвистика
653 a Ключевые слова Языкознание
a Ключевые слова Стилистика
a Ключевые слова Детская речь
a Ключевые слова Психолингвистика
a Ключевые слова Лингвистика детской речи
852 t Порядковый номер экземпляра 38
p Инвентарный номер 853799
p Инвентарный номер 853800
p Инвентарный номер 855034
p Инвентарный номер 855035
p Инвентарный номер 855036
p Инвентарный номер 855037
p Инвентарный номер 855038
p Инвентарный номер 855039
p Инвентарный номер 855040
p Инвентарный номер 855041
p Инвентарный номер 855042
p Инвентарный номер 855043
p Инвентарный номер 855044
p Инвентарный номер 855045
p Инвентарный номер 855046
p Инвентарный номер 855047
p Инвентарный номер 855048
p Инвентарный номер 855049
p Инвентарный номер 855050
p Инвентарный номер 855051
888 a За счет средств университета
930 a Новая/Ретро учебники
952 p 393.2006 45.00 1 853799
p 393.2006 45.00 1 853800
p 405.2006 45.00 1 855034
p 405.2006 45.00 1 855035
p 405.2006 45.00 1 855036
p 405.2006 45.00 1 855037
p 405.2006 45.00 1 855038
p 405.2006 45.00 1 855039
p 405.2006 45.00 1 855040
p 405.2006 45.00 1 855041
p 405.2006 45.00 1 855042
p 405.2006 45.00 1 855043
p 405.2006 45.00 1 855044
p 405.2006 45.00 1 855045
p 405.2006 45.00 1 855046
p 405.2006 45.00 1 855047
p 405.2006 45.00 1 855048
p 405.2006 45.00 1 855049
p 405.2006 45.00 1 855050
p 405.2006 45.00 1 855051
c Вид литературы К ру
954 a Дата поступления на обработку 20061023
999 a Подразделение 2 Фил2